| 000 | 01259cam a2200349 i 4500 | ||
|---|---|---|---|
| 999 |
_c200446134 _d64346 |
||
| 001 | 200446134 | ||
| 003 | TR-AnTOB | ||
| 005 | 20220106144751.0 | ||
| 007 | ta | ||
| 008 | 980529s1992 tu 000 0 tur | ||
| 010 | _a 93955313 | ||
| 020 | _a9751711207 | ||
| 040 |
_aDLC _beng _erda _cDLC _dTR-AnTOB |
||
| 041 | 0 | _atur | |
| 050 |
_aTX724.5.K39 _bQ385 1992 |
||
| 090 |
_aTX724.5.K39 _bQ385 1992 |
||
| 100 | 1 |
_aQasimanov, S. _q(Sadyq) _9134918 |
|
| 245 | 1 | 0 |
_aKazakların millı̂ yemekleri = _bKazaktın ulttık tağamdarı / _cSadık Kasimanov ; Lâtin harflerine ve Türkiye Türkçesine aktaran Ertuğrul Yaman. |
| 246 | 3 | 1 | _aKazaktın ulttık tağamdarı |
| 264 | 1 |
_aAnkara : _bKültür Bakanlığı, _c1992. |
|
| 300 |
_axv, 133 pages ; _c25 cm |
||
| 336 |
_2rdacontent _atext _btxt |
||
| 337 |
_2rdamedia _aunmediated _bn |
||
| 338 |
_2rdacarrier _avolume _bnc |
||
| 490 | 0 |
_aHalk Kültürlerini Araştırma ve Geliştirme Genel Müdürlüğü yayınları ; _v178 _aMaddi kültür dizisi ; _v10 |
|
| 500 | _aIn Kazakh (roman) with Turkish translation on facing pages. | ||
| 650 | 0 |
_aCooking, Kazakh _9134919 |
|
| 653 | _aKazakh cookery | ||
| 700 | 1 |
_aYaman, Ertuğrul _913620 _etranslator |
|
| 942 |
_2lcc _cBK |
||